La introducción de la esclavitud negra en Chile

Uloženo v:
Podrobná bibliografie
Hlavní autor: Mellafe Rojas, Rolando Bernardo (autor)
Médium: Kniha
Jazyk:španělština
Vydáno: Santiago, Chile Universidad de Chile 1959
Edice:Estudios de Historia Económica Americana, 2
Témata:
Tagy: Přidat tag
Žádné tagy, Buďte první, kdo vytvoří štítek k tomuto záznamu!

MARC

LEADER 00000nam a2200000 a 4500
001 UCP2348
003 CL-VaPUC
005 20211118165417.0
008 990514e19590000CL |||||||||||||||||spa|d
999 |c 280896  |d 280894 
040 |c Pontificia Universidad Católica de Valparaíso 
082 0 4 |a 983.03 MEL 1959  |2 21 
100 |a Mellafe Rojas, Rolando Bernardo  |e autor  |9 617190 
245 1 3 |a La introducción de la esclavitud negra en Chile 
260 |a Santiago, Chile  |b Universidad de Chile  |c 1959 
300 |a 293 páginas 
490 0 |a Estudios de Historia Económica Americana,  |v  2 
500 |a Esta obra fue agraciada en 1958 con el premio Miguel Cruchaga Tocornal, otorgado por la Academia Chilena de la Historia 
583 |a last modification  |c 19990514 00:00:00  |k Rodrigo Vera 
650 0 |a Historia  |9 255047 
650 0 |a Esclavitud  |z CHILE  |z AMERICA LATINA  |9 323605 
650 0 |a Colonización  |z CHILE  |z AMERICA LATINA  |9 265172 
852 |a BIBCUR 
942 |c BK  |2 ddc 
945 |d 19990514 00:00:00  |a lriquelm 
952 |0 0  |1 0  |2 ddc  |4 0  |6 983_030000000000000_MEL_1959  |7 0  |8 A  |9 321423  |a BIBHIS  |b BIBHIS  |d 2019-11-20  |i 1348892  |l 2  |o 983.03 MEL 1959  |p 1348892  |r 2025-01-20  |s 2023-08-10  |t 1  |w 2019-11-20  |y BK  |k HIS